Chess: Top 20 Highest Rated Players of All-Time - Statistics

General Stats
  • This quiz has been taken 195 times
    94 since last reset
  • The average score is 11 of 20
Answer Stats
Country Date ELO Answer % Correct
NOR May 2014 2882 Magnus Carlsen
99%
RUS July 1999 2851 Garry Kasparov
88%
USA October 2015 2816 Hikaru Nakamura
85%
IND October 2024 2794 Gukesh Dommaraju
76%
USA October 2014 2844 Fabiano Caruana
73%
CHN November 2018 2816 Ding Liren
65%
IRN/FRA December 2021 2804 Alireza Firouzja
59%
IND March 2011 2817 Viswanathan Anand
59%
RUS March 2023 2795 Ian Nepomniachtchi
52%
ARM March 2014 2830 Levon Aronian
52%
RUS/NED October 2015 2798 Anish Giri
48%
IND December 2024 2801 Arjun Erigaisi
48%
BGR July 2015 2816 Veselin Topalov
45%
RUS October 2016 2817 Vladimir Kramnik
45%
FRA August 2016 2819 Maxime Vachier-Lagrave
44%
USA February 2017 2822 Wesley So
44%
AZE September 2018 2820 Shakhriyar Mamedyarov
36%
RUS December 2014 2810 Alexander Grischuk
27%
AZE November 2012 2793 Teimour Radjabov
20%
RUS July 2008 2788 Alexander Morozevich
12%
No matching quizzes found
Score Distribution
Percent of People with Each Score
Percentile by Number Answered
Your Score History
You have not taken this quiz since the last reset